| 000 | 00612nam a2200169 a 4500 | ||
|---|---|---|---|
| 001 | 000034686 | ||
| 003 | DO-SdBNP | ||
| 005 | 20240418200629.0 | ||
| 008 | 111018s1993 dr 000 0 spa d | ||
| 040 |
_aDO-SdBNP _bspa _cBNPHU |
||
| 082 |
_axxxx _bM533 |
||
| 110 |
_aSanto Domingo _bAyuntamiento. _980619 |
||
| 245 | 0 | 0 |
_aMemorias del sindico del Distrito Nacional Rafael Corporan de los Santos 1990-1993 : _brendida a la Sala Capitular del Ayuntamiento del Distrito Nacional. |
| 260 |
_aSanto Domingo : _bAyuntamiento del Distrito Nacional, _c1993. |
||
| 300 |
_a[115 P.] : _bretr. ; _c22 cm. |
||
| 942 |
_2ddc _cLBS1 |
||
| 999 |
_c34177 _d34177 |
||